000 00817nam a2200277Ia 4500
003 OSt
005 20221005084533.0
006 a|||||r|||| 00| 0
007 ta
008 221004b |||||||| |||| 00| 0 eng d
024 _a17551
037 _cTextual
040 _aCRL
_cCRL
_beng
041 _2eng
_aeng
082 _aT480S, K3
100 _aGood Carter V
_97267
245 0 _aIntroduction to educational research
_b Methodology of design in the behavioral and social sciences.
250 _a2nd
260 _aNew York
_bAppleton-Century-Crofts USA
_c1963
300 _axviii,542p Bibliographyp502-03 Appendix p504
_ccm.
650 _a EDUCATION
650 _a PSYCHOLOGY
650 _aRESEARCH METHODS
942 _hT480S, K3
_cTEXL
_2cc
999 _c992767
_d992767